000 01167nam a22003497a 4500
003 CHAP
005 20220329133626.0
008 971013s1985 r 00010 d
010 _a8743
011 _a9715
035 _a8950
040 _cCHAP
090 _aFolleto 7314 v.33
110 _aInternational Board for Plant Genetic Resources
_959561
245 _aDescriptors for Panicum miliaceum and P. sumatrense
260 _aRome :
_bIBPGR,
_c1985
300 _a14 p.
_b: ilus
590 _aBATCH-UPD
_b10
_c20130109
_lUCH01
_h2328
590 _aBATCH-UPD
_b10
_c20130110
_lUCH01
_h1904
590 _aBATCH-UPD
_b10
_c20130410
_lUCH01
_h1231
590 _aBATCH-UPD
_b10
_c20130914
_lUCH01
_h1857
590 _aCONVERSION
_b10
_c20130109
_lUCH01
_h1306
650 1 4 _aMijo
_xGermoplasma.
_975650
650 1 4 _aPanicum miliaceum.
_985107
650 1 4 _aPanicum miliare.
_985108
650 1 4 _aRecursos genéticos.
_995078
901 _aBK
942 _cFOLL
949 _aFolleto 7314 v.33
_bBC
_cFOLL
_d-19380
_eTS1
_i8950
_mD
_si
949 _aFolleto 7314 v.33
_bBC
_cFOLL
_d-19381
_eTS2
_fc.2
_i8950
_mD
_si
949 _aFolleto 7314 v.33
_bBC
_cFOLL
_d-19382
_eTS2
_fc.3
_i8950
_mD
_si
999 _c8743
_d8743